pays que je kiffe - Statistiques

Statistiques générales
  • Ce quiz a été pris 110 fois
    64 depuis la dernière actualisation
  • Le résultat moyen est 45 sur 80
Statistiques - réponses
nombre pays % Correct
100 % France
98%
95% Espagne
91%
86% Algérie
83%
100% Italie
83%
93% Portugal
83%
98% Allemagne
81%
100% Belgique
81%
91% Brésil
81%
94% Japon
81%
86 % Maroc
81%
92% Canada
80%
70 % Chine
80%
96% Suisse
76%
84% Corée du sud
72%
51 % Danemark
72%
78 % Mexique
72%
95% Argentine
70%
80 % Inde
70%
90 % Suède
70%
85 % Tunisie
70%
81 % Australie
69%
88 % Norvège
69%
94% Pologne
69%
97% Finlande
67%
74 % Hongrie
67%
77 % Turquie
67%
98% Autriche
65%
89% pays bas
65%
83% Egypte
63%
99 % Islande
63%
76 % Chili
61%
50 % Nouvelle Zélande
61%
96% Grece
59%
78 % Luxembourg
59%
79% Colombie
57%
45 % Indonésie
57%
75 % Thaïlande
57%
73 % Pérou
56%
66 % Bulgarie
54%
89 % Sénégal
54%
62% Arabie Saoudite
52%
92% Croatie
52%
87 % Estonie
52%
48 % Lituanie
52%
82% Uruguay
52%
61 % Andorre
50%
47 % Lettonie
50%
75 % Madagascar
48%
88 % République Tchèque
48%
67 % Roumanie
48%
81 % Slovaquie
48%
81 % Slovénie
48%
55 % Chypre
46%
90 % Serbie
46%
57 % Iran
44%
52 % Malte
44%
84 % Cameroun
43%
74 % Cote d'ivoire
43%
100 % Kenya
43%
46 % Mongolie
43%
72 % Népal
43%
49 % Vénézuela
43%
58 % Costa Rica
41%
64 % Moldavie
41%
67 % Sri Lanka
41%
81 % Honduras
39%
65 % Monténégro
39%
93% Laos
37%
44 % Syrie
37%
68 % Guinée
35%
60 % Liban
35%
83 % Nigéria
35%
56 % Angola
33%
99% Mali
33%
54 % Saint Marin
33%
97% Bhoutan
31%
63 % Gabon
30%
91 % Royaume Uni
30%
59 % Palaos
19%
87 % Eswatini
15%
Aucun quiz correspondant
Distribution des résultats
% des personnes avec chaque résultat
Percentile par nombre de réponses
Votre historique - résultats
Vous n’avez pas pris ce quiz depuis la dernière actualisation